Taylor Swift - reputation - Statistics

General Stats
  • This quiz has been taken 36 times
  • The average score is 12 of 15
Answer Stats
2017 reputation % Correct
1 ...Ready For It?
97%
5 Delicate
84%
4 Don't Blame Me
84%
3 I Did Something Bad
84%
10 King Of My Heart
84%
6 Look What You Made Me Do
84%
11 Dancing With Our Hands Tied
81%
15 New Year's Day
81%
9 Getaway Car
77%
8 Gorgeous
77%
7 So It Goes...
77%
14 Call It What You Want
74%
13 This Is Why We Can't Have Nice Things
74%
12 Dress
71%
2 End Game (feat. Ed Sheeran and Future)
52%
No matching quizzes found
Score Distribution
Percent of People with Each Score
Percentile by Number Answered
Your Score History
You have not taken this quiz